Southville International School and Colleges
Your cart is empty.
  • Cart
  • Lists
    Public lists Eva Luna New books Lux_list list_1
    Your lists Log in to create your own lists
  • Log in to your account
  • Your cookies
  • Search history
Southville International School and Colleges
  • Advanced search
  • Recent comments
  • Most popular
  • Libraries

Log in to your account

Log in with GOOGLE


If you do not have an external account, but do have a local account, you can still log in:

  1. Home
  2. MARC view: Little tin soldier (The) /
Normal view MARC view ISBD view

Little tin soldier (The) / (Record no. 111471)

[ view plain ]
MARC details
000 -LEADER
fixed length control field 00407nam a2200157 a 4500
001 - CONTROL NUMBER
control field 1985
005 - DATE AND TIME OF LATEST TRANSACTION
control field 20140414131916.0
008 - FIXED-LENGTH DATA ELEMENTS--GENERAL INFORMATION
fixed length control field 040110s19uu xx 00 eng d
020 ## - INTERNATIONAL STANDARD BOOK NUMBER
International Standard Book Number 2-89429-890-0
050 ## - LIBRARY OF CONGRESS CALL NUMBER
Classification number ER
Item number L72 1996
245 ## - TITLE STATEMENT
Title Little tin soldier (The) /
Statement of responsibility, etc Illustration by Zapp.
260 ## - PUBLICATION, DISTRIBUTION, ETC. (IMPRINT)
Place of publication, distribution, etc China :
Name of publisher, distributor, etc Tormont,
Date of publication, distribution, etc 1996.
300 ## - PHYSICAL DESCRIPTION
Extent 29 p ; cm.
650 ## - SUBJECT ADDED ENTRY--TOPICAL TERM
Topical term or geographic name as entry element Children stories.
Holdings
Withdrawn status Lost status Damaged status Home library Current library Shelving location Date acquired Source of acquisition Total Checkouts Full call number Barcode Date last seen Price effective from Koha item type
      Munich Library Munich Library Easy Reading Section 01/10/2004     ER L72 1996 M2204 04/14/2014 04/14/2014 Books

Little tin soldier (The) /

APA

(1996). Little tin soldier (The). China: Tormont.

Chicago

1996. Little tin soldier (The). China: Tormont.

Harvard

(1996). Little tin soldier (The). China: Tormont.

MLA

Little tin soldier (The). China: Tormont. 1996.

  • Place hold
  • Print
  • Cite
  • Add to your cart (remove)
  • Save record
    BIBTEX Dublin Core MARCXML MARC (non-Unicode/MARC-8) MARC (Unicode/UTF-8) MARC (Unicode/UTF-8, Standard) MODS (XML) RIS
  • More searches
    Search for this title in:
    Other Libraries (WorldCat) Other Databases (Google Scholar) Online Stores (Bookfinder.com) Open Library (openlibrary.org)

Exporting to Dublin Core...

SOUTHVILLE LIBRARY

Southville International School and Colleges Library

1281 Tropical Ave. Cor. Luxembourg St., BF Homes International, Las Pinas City

Tel. No. 8256374 / 252358 Loc. 117/146

Powered by Koha